000 00289nam a2200097Ia 4500
005 20251222114342.0
008 251222s1900||||xx |||||||||||||| ||spa||
082 _aDVD0196/L45/2006/Ej.2
245 0 _aCeremonia de instalación de autoridades y entrega de resolución de autonomía.:
942 _cDVD
999 _c908
_d908